000 00341nam a2200169Ia 4500
100 _aNarkar/ V.S.
650 _aChemistry
250 _a1
942 _cBK
654 _aChemistry
245 _aApplied Chemistry I
260 _bNandu Pub
_aNew york
_c1998
082 _a540
_bNAR
300 _a144
546 _aENGLISH
999 _c33807
_d33807